|
|
|
|
| LEADER |
00000naa2a2200000 4500 |
| 001 |
392205 |
| 005 |
20231101064230.0 |
| 035 |
|
|
|a (RuTPU)RU\TPU\prd\27257
|
| 090 |
|
|
|a 392205
|
| 100 |
|
|
|a 20040830a2004 k y0rusy50 ca
|
| 101 |
0 |
|
|a rus
|
| 102 |
|
|
|a RU
|
| 200 |
1 |
|
|a Образование в области управления качеством: системный взгляд
|f Г. А. Бордовский, А. А. Нестеров, С. Ю. Трапицин
|
| 225 |
1 |
|
|a Императив модернизации: поворот к качеству
|
| 300 |
|
|
|a Высшее образование в документах: Журнал в журнале
|
| 461 |
|
1 |
|0 (RuTPU)RU\TPU\prd\1307
|x 1726-667X
|t Высшее образование сегодня
|o научно-практический журнал
|d 2001-
|
| 463 |
|
1 |
|0 (RuTPU)RU\TPU\prd\25899
|t № 3
|v С. 14-19
|d 2004
|
| 610 |
1 |
|
|a образование
|
| 610 |
1 |
|
|a управление качеством
|
| 610 |
1 |
|
|a мировое сообщество
|
| 610 |
1 |
|
|a интеграция
|
| 610 |
1 |
|
|a подготовка кадров
|
| 610 |
1 |
|
|a контроль качества
|
| 610 |
1 |
|
|a внутренние рынки
|
| 610 |
1 |
|
|a образовательные учреждения
|
| 700 |
|
1 |
|a Бордовский
|b Г. А.
|
| 701 |
|
1 |
|a Нестеров
|b А. А.
|
| 701 |
|
1 |
|a Трапицин
|b С. Ю.
|
| 801 |
|
1 |
|a RU
|b 63413507
|c 20040830
|g PSBO
|
| 801 |
|
2 |
|a RU
|b 63413507
|c 20140730
|g RCR
|
| 942 |
|
|
|c BK
|